Infancia : (Record no. 30268)

MARC details
000 -CABECERA
campo de control de longitud fija 00482nam a2200169 a 4500
005 - FECHA Y HORA DE LA ÚLTIMA TRANSACCIÓN
campo de control 20210223122135.0
008 - ELEMENTOS DE LONGITUD FIJA--INFORMACIÓN GENERAL
campo de control de longitud fija 991125s1920 mx 000 0 spa u
035 ## - NÚMERO DE CONTROL DEL SISTEMA
Número de control de sistema UPN01000030268
049 ## - COLECCIÓN
Colección LT
050 #4 - SIGNATURA TOPOGRÁFICA DE LA BIBLIOTECA DEL CONGRESO
Número de clasificación LB1573 M6.3
Número de documento/Ítem A9.4
100 1# - ASIENTO PRINCIPAL--NOMBRE PERSONAL
Nombre de persona Ayala, Abel
9 (RLIN) 28868
245 10 - MENCIÓN DE TÍTULO
Título Infancia :
Resto del título segundo libro de lectura /
Mención de responsabilidad, etc. Abel Ayala y Antonio Pons.
260 ## - PUBLICACIÓN, DISTRIBUCIÓN, ETC.
Lugar de publicación, distribución, etc. Mexico :
Nombre del editor, distribuidor, etc. Aguilas,
Fecha de publicación, distribución, etc. [1920?].
300 ## - DESCRIPCIÓN FÍSICA
Extensión 211 p. :
Otras características físicas il.
700 1# - ASIENTO SECUNDARIO--NOMBRE DE PERSONAL
Nombre de persona Pons, Antonio,
Término indicativo de función/relación coaut.
9 (RLIN) 31144
905 ## - TIPO DE MATERIAL
Tipo de material Libro
Holdings
Estado de retiro Estado de pérdida Fuente del sistema de clasificación o colocación Estado dañado No para préstamo Código de colección Localización permanente Ubicación/localización actual Ubicación en estantería Fecha de adquisición Clasificación Código de barras Fecha visto por última vez Número de copia Tipo de ítem Koha Total de préstamos Precio válido a partir de
    Library of Congress Classification   Disponible (Préstamo en sala) Libros de texto Bib. Gregorio Torres Quintero Bib. Gregorio Torres Quintero Colecciones especiales Planta alta 25/05/2023 LB1573 M6.3 A9.4 122422 31/12/2020 1 Libro    
    Library of Congress Classification   Disponible (Préstamo en sala) Libros de texto Bib. Gregorio Torres Quintero Bib. Gregorio Torres Quintero Colecciones especiales Planta alta 25/05/2023 LB1573 M6.3 A9.4 48887 31/12/2020 1 Libro    
    Library of Congress Classification   Disponible (Préstamo en sala) Libros de texto Bib. Gregorio Torres Quintero Bib. Gregorio Torres Quintero Colecciones especiales Planta alta 25/05/2023 LB1573 M6.3 A9.4 47068 31/12/2020 1 Libro    
    Library of Congress Classification   Coleccion LT Libros de texto Bib. Gregorio Torres Quintero Bib. Gregorio Torres Quintero Libros de Texto 07/03/2022 LB1573 M6.3 A9.4 49035 07/03/2022 ej. 4 Libro   07/03/2022